|
|
|
|
| LEADER |
00000nam a22000005a 4500 |
| 003 |
CL-ChBUA |
| 005 |
20120815091646.0 |
| 008 |
091117s1975 xxu||||| |||| 000 ||eng |
| 040 |
|
|
|a CL-ChBUA
|c CL-ChBUA
|
| 082 |
0 |
0 |
|a 287.1
|
| 090 |
|
|
|c 26975
|d 26975
|
| 100 |
1 |
|
|a Outler, Albert C.
|
| 245 |
1 |
0 |
|a Theology in the wesleyan spirit
|
| 260 |
|
|
|a Nashville
|b Tidings
|c c1975
|
| 300 |
|
|
|a 101 p.
|c 19 cm.
|
| 504 |
|
|
|a índice
|
| 650 |
|
4 |
|a IGLESIA METODISTA WESLEYANA - DOCTRINAS
|
| 942 |
|
|
|c LIB
|
| 952 |
|
|
|0 0
|1 0
|4 0
|7 0
|9 63327
|a UNACH
|b UNACH
|c 200
|d 2009-11-17
|i 45.852
|l 0
|o 287.1 / Ou 94
|p 64462
|r 2016-10-12 00:00:00
|u 63327
|w 2012-08-08
|y LIB
|k 287.1 / Ou 94
|
| 999 |
|
|
|c 26975
|d 26975
|